Письма Чичерина Владимира Николаевича и жены его Софии Сергеевны

Доступно только в Электронных читальных залах Найти на картеНа карте
RUSMARC
00004780nac2a22003371x 450
001a7f5b5aa-f524-455f-baff-59c26fd9d2b8
00520131113050737.0
100##$a20130613l18441872k y0rusy50 ca
1010#$arus
$afre
$aeng
102##$aRU
105##$ay z |||e|
2001#$aПисьма Чичерина Владимира Николаевича и жены его Софии Сергеевны
$j1844-1872
215##$a10 листов
251##$cДело
300##$aЗаголовок дела на папке: Письма Чичерина Владимира Николаевича и жены его Софии Сергеевны к матери Екатерине Борисовне Чичериной
300##$aНа русском, французском и английском языках
300##$aВ деле имеются документы без дат
300##$aВ деле имеется телеграмма
300##$aЛисты 5,6: поврежденные; лист 10об: сургучная печать
300##$aРукописный текст
330##$aIII. Документальные материалы Чичериных Николая Васильевича и Екатерины Борисовны (отец и мать Б. Н.); 5. Письма к Чичериной Е. Б.
461#0$1001a2b88c22-7382-4871-bdc3-4aece11b8d40
$12001
$aЧичерин Борис Николаевич, юрист, философ, профессор Московского университета, земский деятель
$1251
$cФонд
$1852
$j1154
462#0$10010f5d1238-14f8-4ae3-a091-3e8b6c6244ae
$12001
$aЧичерины, Капнисты, 1711-1939 гг.
$1251
$cОпись
$1852
$j1
517##$aПисьма Чичерина Владимира Николаевича и жены его Софии Сергеевны к матери Екатерине Борисовне Чичериной
600#1$aЧичерин
$bБ. Н.
$f1828-1904
$gБорис Николаевич
600#1$aЧичерин
$bВ. Н.
$gВладимир Николаевич
600#1$aЧичерина
$bС. С.
$gСофия Сергеевна
600#1$aЧичерина
$bЕ. Б.
$gЕкатерина Борисовна
801#0$aRU
$bGA_RF
801#1$aRU
$bНПО Опыт
$c20130613
$2rusmarc
801#2$aRU
$bПБ им. Б.Н. Ельцина
$c20131113
$gRCR
$2rusmarc
852##$aГА РФ
$j694
937##$d41491479
$hПБ
035##$aRuPRLIB51007562
Формат отображения